000
00321nam a22001457a 4500
003
SGT
020
_a
9788123778341
082
_a
920
_b
S16A
100
_a
AMAL, BRAHMCHARI
245
_a
SWAMI VIVEKANAND KA SARAL JIWAN
260
_b
RASHTRIYA PUSTAK NYAS
_c
2016
300
_a
58
650
_a
BIOGRAPHY
942
_2
ddc
_c
BK
999
_c
28345
_d
28345